| 000 | 00600cam a22001934a 4500 | ||
|---|---|---|---|
| 003 | OSt | ||
| 005 | 20260416152741.0 | ||
| 008 | 100304s2010 ii b 001 0 eng d | ||
| 020 | _a9788125038634 | ||
| 040 |
_bHDL _cENG |
||
| 082 | 0 | 4 |
_a891.4 _222 |
| 100 | 1 |
_aKumar, Raj, _91108899 |
|
| 245 | 1 | 0 |
_aDalit personal narratives : _breading caste, nation, and identity / _cRaj Kumar. |
| 260 |
_aNew Delhi : _bOrient BlackSwan, _c2010. |
||
| 300 |
_ax, 298 p. ; _c23 cm. |
||
| 650 | 0 |
_aIndic prose literature _y20th century _xHistory and criticism. _91234985 |
|
| 942 |
_2CC _cTEXL _n0 |
||
| 999 |
_c1848289 _d1848289 |
||